000 00273nam a22001217a 4500
008 170613b xxu||||| |||| 00| 0 eng d
041 _aeng
080 _25 ED
_a32
100 _a19
101 _aSHP
245 _aAMERICAN FOREIGN POLICY
_cIKENBERRY.J
942 _2udc
_cBK
999 _c17088
_d17088